| 000 | 00619nam a2200217 a 4500 | ||
|---|---|---|---|
| 001 | BRCA_6927 | ||
| 005 | 20190320205638.0 | ||
| 008 | 161111s1949----u--a######---#000-0#eng-# | ||
| 041 | _aeng | ||
| 044 | _au | ||
| 050 | 4 |
_aPZ3 _b.S874Fa _c1949 |
|
| 100 | 1 |
_aStreeter, Edward _917263 |
|
| 245 | 1 | 0 |
_aFather of the bride _cby Edward Streeter ; illustrated by Gluyas Williams. |
| 260 |
_aNueva York _bSimon and Schuster _cc1949 |
||
| 300 |
_a244 p. _bil. _c21 cm. |
||
| 500 | _aO146 | ||
| 650 | 1 | 4 |
_aLiteratura estadounidense _917264 |
| 700 | 1 |
_aWilliams, Gluyas _d1888-1982 _eil. _917265 |
|
| 902 | _aGFM | ||
| 942 |
_2lcc _cB |
||
| 999 |
_c6609 _d6609 |
||